La Tirana

Saved in:
Bibliografiske detaljer
Hovedforfatter: Prado O., Juan Guillermo (Author)
Format: Bog
Sprog:spansk
Udgivet: Santiago Kactus 1986
Fag:
Tags: Tilføj Tag
Ingen Tags, Vær først til at tagge denne postø!

MARC

LEADER 00000nam a2200000 a 4500
001 UCZ6644
003 CL-VaPUC
008 951214e19860000CL |||||||||||||||||spa|d
082 0 4 |a 291.38  |b PRA  |2 21 
100 0 |a Prado O., Juan Guillermo  |e author  |9 351056 
245 1 3 |a La Tirana 
300 |a 61 p 
942 |c BK 
945 |d 19951214 00:00:00  |a rleighto 
260 |a Santiago  |b Kactus  |c 1986 
650 0 |a Fiestas religiosas  |9 349319 
650 0 |a Costumbres y tradiciones   |9 268292 
650 7 |a PRACTICA RELIGIOSA  |2 CL-VaPUC  |9 351057 
650 7 |a FESTIVIDADES  |2 CL-VaPUC  |9 349920 
650 0 |a Actividades culturales  |9 335506 
651 7 |a PAMPA DEL TAMARUGAL  |2 CL-VaPUC  |9 348470 
583 |a last modification  |c 19951214 00:00:00  |k Rodrigo Vera 
999 |c 242836  |d 242834 
952 |0 0  |1 0  |4 0  |6 291_380000000000000_PRA_1986  |7 0  |8 A  |9 256078  |a BIBEDU  |b BIBEDU  |d 2019-11-19  |i 3161293  |o 291.38 PRA 1986  |p 3161293  |r 2019-11-19  |w 2019-11-19  |y BK  |k EDU